| 000 | 00702nam a2200229 a 4500 | ||
|---|---|---|---|
| 001 | BRCA_3990 | ||
| 005 | 20190320204514.0 | ||
| 008 | 150110s1964----it-a######---#000-0#ita-# | ||
| 041 | _aita | ||
| 044 | _ait | ||
| 050 | 4 |
_aNK2560 _b.C66 1964 |
|
| 100 | 1 |
_aBaccheschi, Edi. _910374 |
|
| 245 | 1 | 0 |
_aMobili Italiani del Rinascimento _b165 illustrazioni in nero, 6 tavole a colori fuori testo _ca cura di Edi Baccheschi. |
| 260 |
_aItalia _bGörlich _cc1964 |
||
| 300 |
_a131 p. _bil. (algunas a color) _c25 cm. |
||
| 440 | 0 |
_aConoscere gli stili dei mobili _910375 |
|
| 500 | _aCDE72 | ||
| 650 | 1 | 4 |
_aMuebles italianos _910376 |
| 650 | 1 | 4 |
_aMuebles renacentistas _97835 |
| 902 | _aGFM | ||
| 942 |
_2lcc _cB |
||
| 999 |
_c3716 _d3716 |
||